000 00774nam a2200325 c 4500
001 577321
003 DO-SdBNP
005 20180131125106.0
007 577321
008 141124s1990 sp | |||| 000 f spa
015 _a
017 _a
_b
035 _a
040 _aBPMSU
_bspa
_cBPMSU
_e
041 1 _h
080 _a
100 1 _a Biedni, Boris
_d
_4
240 1 0 _a
_n
_l
245 1 0 _aMuchachas /
_cBoris Biedni ; traducción A. Kantorovskaya
_n
250 _a
260 _aLa Haabana :
_bGente Nueva,
_c1990
300 _a310 p. :
_c24 cm
336 _a
_2
337 _a
_2
490 0 _a
700 _4Kantorovskaya, A.
_etr.
942 _2ddc
_cBK
945 _aInventariado, 2018/MFF
956 _aVMATEO
_210
_320160505
_6BPMSU
999 _c9996
_d9996